The encyclopaedia of British Empire postage stamps, Volume I - Great Britain and The Empire in Europe 1661-1947 (Record no. 1351)

000 -LEADER
fixed length control field 00724nam a22002177a 4500
008 - FIXED-LENGTH DATA ELEMENTS--GENERAL INFORMATION
fixed length control field 140329b xxu||||| |||| 00| 0 eng d
100 1# - MAIN ENTRY--AUTHOR'S NAME
Author's Name Lowe, Robson
245 10 - TITLE STATEMENT
Title The encyclopaedia of British Empire postage stamps, Volume I - Great Britain and The Empire in Europe 1661-1947
250 ## - EDITION STATEMENT
Edition statement First Edition - January 1948
260 ## - PUBLICATION, DISTRIBUTION, ETC. (IMPRINT)
Place of publication, distribution, etc. London
Name of publisher, distributor, etc. Robson Lowe Ltd.
490 ## - SERIES STATEMENT
Volume/sequential designation Volume I
650 #0 - TOPICAL TERM (Tag)
Topical term or geographic name Great Britain
650 #0 - TOPICAL TERM (Tag)
Topical term or geographic name British Colonies
650 #0 - TOPICAL TERM (Tag)
Topical term or geographic name Dictionaries and Encyclopedias Postal History
650 #0 - TOPICAL TERM (Tag)
Topical term or geographic name Catalogs and Price Lists Production
650 #0 - TOPICAL TERM (Tag)
Topical term or geographic name Postal Markings
650 #0 - TOPICAL TERM (Tag)
Topical term or geographic name Forgeries and Counterfeits
650 #0 - TOPICAL TERM (Tag)
Topical term or geographic name Postal Rates Bibliographies
650 #0 - TOPICAL TERM (Tag)
Topical term or geographic name Offices Abroad
650 #0 - TOPICAL TERM (Tag)
Topical term or geographic name Europe
Holdings
Withdrawn status Lost status Source of classification or shelving scheme Materials specified (bound volume or other part) Damaged status Koha normalized classification for sorting Not for loan Permanent Location Current Location Shelving location Date acquired Total Checkouts Full call number Barcode Date last seen Price effective from Koha item type
      Hard Cover   G5730 A11 L9131   Northern Philatelic Library Northern Philatelic Library General Stacks 03/29/2014   G5730 .A11 L9131 1000619 06/28/2015 06/28/2015 Books

Powered by Koha